| 000 | 00918cam a2200313Li 4500 | ||
|---|---|---|---|
| 001 | 75358 | ||
| 005 | 20230410132658.0 | ||
| 008 | 040903s2002 nyu g 000 m eng d | ||
| 035 | _a(OCoLC)ocn492029447 | ||
| 040 |
_aZWZ _encafnor _bfre _cZWZ |
||
| 020 | _a193108209X | ||
| 020 | _a9781931082099 | ||
| 029 | 0 |
_aZWZ _b080122809 |
|
| 035 | _a(OCoLC)492029447 | ||
| 049 | _aGRAL | ||
| 050 | 1 | 4 |
_aPS 509 _bB299 2002 |
| 082 | 0 | 0 | _a810.8 |
| 245 | 0 | 0 |
_aBaseball : _ba literary anthology / _cedited by Nicholas Dawidoff. |
| 260 |
_aNew York : _bLibrary of America, _ccop. 2002. |
||
| 300 |
_axi, 721 p. ; _c24 cm. |
||
| 504 | _aBibliogr. p. 716-721. | ||
| 650 | 0 | _aBaseball |v Literary collections. | |
| 650 | 0 | _aAmerican literature. | |
| 700 | 1 | _aDawidoff, Nicholas. | |
| 856 | 4 |
_uhttp://www.h-net.org/review/hrev-a0c5j2-aa _zBook review (H-Net) |
|
| 942 |
_2lcc _cbk |
||
| 994 |
_aC0 _bDRFGD |
||
| 946 | _aRCH | ||
| 999 |
_c85810 _d85810 |
||